Marketingový mix Slovenskej sporiteľne, a.s. a jeho aplikácia na predaj hypotekárnych produktov diplomová práca

Salvato in:
Dettagli Bibliografici
Autore principale: Šaštinská, Silvia
Ente Autore: Obchodná fakulta EU. Katedra marketingu
Altri autori: Kita, Pavol
Natura: Libro
Lingua:slovacco
Pubblicazione: Bratislava 2010
Tags: Aggiungi Tag
Nessun Tag, puoi essere il primo ad aggiungerne!!

MARC

LEADER 00000nam$a2200000$$$4500
001 0122007
005 20240318122641.9
041 0 |a slo 
044 |a SK 
245 1 0 |a Marketingový mix Slovenskej sporiteľne, a.s. a jeho aplikácia na predaj hypotekárnych produktov  |b diplomová práca  |c Silvia Šaštinská ; škol. Pavol Kita 
264 1 |a Bratislava  |c 2010 
300 |a 77 s. 
100 1 |a Šaštinská, Silvia 
700 1 |a Kita, Pavol 
710 2 |a Obchodná fakulta EU. Katedra marketingu